000 00670nam a2200217Ia 4500
005 20250508160436.0
008 008 250505s9999 xx 000 0 eng d
037 _aTextual
040 _aFEDL
_beng
_cFEDL
041 _aeng
_2eng
084 _a025.3, AME
_qFEDL
245 0 _aCatalog card reproduction: Library technology project
245 0 _cAmerican Library Association
260 _aChicago, USA
_bAmerican Library Association
_c1965
300 _axii,81p
365 _aUSD
_b8.5
546 _aReport on a studyconducted by George Fry and Association
650 _aLibrary science
942 _cTEXL
_h025.3, AME
999 _c1364629
_d1364629